Citizenship Languages Quiz Stats

 Plays Quiz not verified by Sporcle

Score 0/5 Timer 01:00
0 Plays Today
% Correct
English
96.1%
Spanish
92.1%
Chinese
69.7%
Vietnamese
25%
Tagalog
17.1%

You're not logged in!

Compare scores with friends on all Sporcle quizzes.
OR
Log In

Show Comments

Extras

Created Oct 19, 2010ReportNominate
Tags:ceremony, citizenship, oath

Top Quizzes Today


Score Distribution

Your Account Isn't Verified!

In order to create a playlist on Sporcle, you need to verify the email address you used during registration. Go to your Sporcle Settings to finish the process.

Report this User

Report this user for behavior that violates our Community Guidelines.

Details: